000 01407nam a22002417a 4500
003 DO-SdBNP
005 20250506112534.0
008 220527b2021 dr ||||| |||| 00| 0 spa d
040 _aDO-SdBNP
_bspa
_cBNPHU
082 4 _a972.93
_bR896b
_222
100 1 _aRubio, Vicente,
_d1923-2006
_987660
245 1 _aBecerro del Ayuntamiento de Santo Domingo (1786)
250 _aEdición facsimilar
260 _aSanto Domingo :
_bUNPHU,
_c2022
300 _a296 p. :
_bil. ;
_c30 cm.
500 _aEl libro Becerro del Ayuntamiento de Santo Domingo es un manuscrito antiguo, del siglo XVIII, que pertenece al archivo de dicha corporación edilicia, cuyo nombre durante el periodo colonial fue Concejo, Justicia y Regimiento de la ciudad de Santo Domingo.
500 _aIncluye referencias bibliográficas y notas al pie de las páginas.
505 _aPresentación --
_tBreve nota sobre la transcipción realizada por Fray Vicente Rubio, O.P. del libro Becerro del Ayuntamiento de Santo Domingo (1786) /
_rRaymundo González --
_tEl Santo Domingo del siglo XVIII a través del Libro Becerro /
_rAmérico Moreta Castillo --
_tDocumentos facsimilares y sus transcripciones.
651 7 _aRepública Dominicana
_xHistoria
_yColonia, 1503-1844
_vFuentes
_911397
651 7 _aRepública Dominicana
_xHistoriografía
_91457
710 2 _aUniversidad Nacional Pedro Henríquez Ureña
_987658
942 _2ddc
_cLBS1
999 _c51834
_d51834